[Event "IECC CL1-2004.17 email"]
[Site "IECC email"]
[Date "2004.11.05"]
[Round "?"]
[White "Le Duigou, Jean Guy"]
[Black "Popovic, Dragan"]
[Result "1/2-1/2"]
[WhiteElo "2231"]
[BlackElo "2207"]
[PlyCount "44"]
[EventDate "2004.??.??"]
[EventType "tourn (corr)"]
[EventRounds "4"]
[SourceTitle "Corr 2008"]
[Source "ChessBase"]
[SourceDate "2008.06.24"]
[SourceVersion "1"]
[SourceVersionDate "2008.06.24"]
[SourceQuality "1"]

1. c4 c6 2. e4 d5 3. exd5 Nf6 4. d4 cxd5 5. Nc3 e6 6. Nf3 Bb4 7. cxd5 Nxd5 8. Qc2 Nc6 9. Be2 0-0 10. 0-0 Re8 11. Rd1 Bd7 12. Ng5 g6 13. Nge4 Be7 14. Bh6 Rc8 15. Qd2 Na5 16. Nxd5 exd5 17. Nc5 Bc6 18. b3 b6 19. Nd3 Bb5 20. Bf3 Nc6 21. Ne5 Bb4 22. Qf4 Nxe5 1/2-1/2

[Event "IECC M-5074"]
[Site "IECC email"]
[Date "2004.07.07"]
[Round "?"]
[White "Popovic, Dragan"]
[Black "Coyne, David"]
[Result "1-0"]
[WhiteElo "2203"]
[BlackElo "1979"]
[PlyCount "91"]
[EventDate "2004.??.??"]
[EventType "tourn (corr)"]
[EventRounds "10"]
[SourceTitle "Corr 2020"]
[Source "ChessBase"]
[SourceDate "2019.09.30"]
[SourceVersion "1"]
[SourceVersionDate "2019.09.30"]
[SourceQuality "1"]
[WhiteTeam "SCG"]
[BlackTeam "England"]
[BlackTeamCountry "ENG"]

1. e4 c6 2. d4 d5 3. e5 Bf5 4. c4 e6 5. Nc3 dxc4 6. Bxc4 Nd7 7. Nge2 Nb6 8. Bb3 Ne7 9. 0-0 Bg6 10. Nf4 Nf5 11. Be3 Be7 12. Nxg6 hxg6 13. g4 Ba3 14. bxa3 Qh4 15. Re1 Nxe3 16. Rxe3 Qxh2+ 17. Kf1 Qf4 18. Ne2 Rh1+ 19. Ng1 Rd8 20. Rd3 Rd7 21. a4 a5 22. Rc1 Rh2 23. Rc2 Rh4 24. Rc5 Rxg4 25. Rxa5 Qf5 26. Qd2 Rh4 27. Rc5 Rh2 28. Nf3 Rh3 29. Rcc3 Nc8 30. Ng1 Rh4 31. Bc2 Qg4 32. Bd1 Qf5 33. Bf3 Ne7 34. Ne2 g5 35. Ng3 Qg6 36. a5 Kf8 37. a6 bxa6 38. Bxc6 Rd8 39. Bb7 Kg8 40. Ra3 Nf5 41. Rxa6 Nxg3+ 42. fxg3 Rh2 43. Bg2 g4 44. Kg1 Rh6 45. Ra8 Rxa8 46. Bxa8 1-0

[Event "LSS RA-2002-0-00010"]
[Site "LSS email"]
[Date "2002.04.12"]
[Round "1"]
[White "Popovic, Dragan"]
[Black "Van Seben, Edgar"]
[Result "1/2-1/2"]
[WhiteElo "2090"]
[BlackElo "2143"]
[PlyCount "64"]
[EventDate "2002.04.12"]
[EventType "tourn (corr)"]
[EventRounds "6"]
[EventCountry "GER"]
[SourceTitle "Corr 2024"]
[Source "ChessBase"]
[SourceDate "2023.10.19"]
[SourceVersion "1"]
[SourceVersionDate "2023.10.19"]
[SourceQuality "1"]

1. e4 Nf6 2. e5 Nd5 3. d4 d6 4. c4 Nb6 5. exd6 cxd6 6. Nc3 g6 7. Bg5 Bg7 8. Rc1 0-0 9. Qd2 Nc6 10. d5 Ne5 11. b3 a5 12. Be2 a4 13. Nf3 axb3 14. axb3 Nxf3+ 15. Bxf3 Nd7 16. 0-0 Nc5 17. Bd1 Bf5 18. Bc2 Qa5 19. b4 Qxb4 20. Bxf5 Nb3 21. Qb2 gxf5 22. Bxe7 Qxc4 23. Bxf8 Rxf8 24. Rb1 Na5 25. Rfc1 Rc8 26. Qc2 Bxc3 27. Qxf5 h6 28. Qd7 Kg7 29. Qxd6 Nb3 30. Rd1 b5 31. Qg3+ Kh7 32. Qf3 Kg7 1/2-1/2

[Event "IECC CL2-2001.42"]
[Site "IECC email"]
[Date "2001.11.30"]
[Round "?"]
[White "Popovic, Dragan"]
[Black "Vaassen, Jack M"]
[Result "1/2-1/2"]
[WhiteElo "2180"]
[BlackElo "2115"]
[PlyCount "61"]
[EventDate "2001.??.??"]
[EventType "tourn (corr)"]
[EventRounds "4"]
[SourceTitle "Corr 2008"]
[Source "ChessBase"]
[SourceDate "2008.06.24"]
[SourceVersion "1"]
[SourceVersionDate "2008.06.24"]
[SourceQuality "1"]

1. e4 c6 2. d4 d5 3. e5 c5 4. dxc5 Nc6 5. Bb5 e6 6. Qg4 Bd7 7. Bxc6 Bxc6 8. Nf3 h5 9. Qf4 Bxc5 10. Be3 Bxe3 11. Qxe3 Nh6 12. Nbd2 Nf5 13. Qf4 Qb6 14. Nb3 a5 15. Nfd4 Nxd4 16. Qxd4 Qb5 17. a3 0-0 18. 0-0-0 a4 19. Nd2 Ra6 20. g4 Qb6 21. Qxb6 Rxb6 22. gxh5 Kh7 23. Rhg1 f6 24. Rg3 Be8 25. Rdg1 Kh6 26. Rxg7 fxe5 27. Rg8 Rxg8 28. Rxg8 Bxh5 29. Ra8 Ra6 30. Rb8 Rb6 31. Ra8 1/2-1/2

[Event "IECC CL2-2000.07"]
[Site "IECC email"]
[Date "2000.01.02"]
[Round "?"]
[White "Femmel, Don"]
[Black "Popovic, Dragan"]
[Result "1/2-1/2"]
[WhiteElo "2113"]
[BlackElo "2095"]
[PlyCount "66"]
[EventDate "2000.??.??"]
[EventType "tourn (corr)"]
[EventRounds "4"]
[SourceTitle "Corr 2008"]
[Source "ChessBase"]
[SourceDate "2008.06.24"]
[SourceVersion "1"]
[SourceVersionDate "2008.06.24"]
[SourceQuality "1"]

1. e4 c5 2. Nf3 d6 3. d4 cxd4 4. Nxd4 Nf6 5. Nc3 a6 6. Be3 e5 7. Nb3 Be6 8. Be2 Be7 9. 0-0 0-0 10. Qd2 Nbd7 11. f4 b5 12. f5 Bc4 13. a3 Rc8 14. Rfd1 Bxe2 15. Qxe2 Rxc3 16. bxc3 Nxe4 17. Qd3 Ndf6 18. a4 Qc8 19. axb5 Nxc3 20. bxa6 Nxd1 21. Rxd1 d5 22. Ra1 Qc7 23. h3 h6 24. a7 Ra8 25. c3 d4 26. cxd4 e4 27. Qa6 Qc3 28. Qb7 Qxe3+ 29. Kh1 Rxa7 30. Qb8+ Bf8 31. Rxa7 Qe1+ 32. Kh2 Ng4+ 33. hxg4 Qh4+ 1/2-1/2

[Event "IECC CL2-2000.07"]
[Site "IECC email"]
[Date "2000.01.02"]
[Round "?"]
[White "Popovic, Dragan"]
[Black "Van Deursen, Peter"]
[Result "0-1"]
[WhiteElo "2093"]
[BlackElo "2197"]
[PlyCount "48"]
[EventDate "2000.??.??"]
[EventType "tourn (corr)"]
[EventRounds "4"]
[SourceTitle "Corr 2008"]
[Source "ChessBase"]
[SourceDate "2008.06.24"]
[SourceVersion "1"]
[SourceVersionDate "2008.06.24"]
[SourceQuality "1"]

1. e4 Nf6 2. e5 Nd5 3. Bc4 Nb6 4. Bb3 d6 5. Nf3 c5 6. a4 Nc6 7. exd6 e5 8. d3 h6 9. a5 Nd7 10. a6 Bxd6 11. axb7 Bxb7 12. Na3 Rc8 13. 0-0 0-0 14. Re1 Nd4 15. Nxd4 cxd4 16. Qg4 Nf6 17. Qh4 e4 18. Nc4 Bb8 19. Bd2 Re8 20. dxe4 Rxe4 21. Rxe4 Bxe4 22. Na3 Rc5 23. f4 d3 24. Bc3 Rf5 0-1

[Event "Padova op-B 2nd"]
[Site "Padova"]
[Date "1999.12.18"]
[Round "4.8"]
[White "Popovic, Dragan"]
[Black "Negra, Massimiliano"]
[Result "1-0"]
[WhiteElo "1665"]
[BlackElo "1857"]
[PlyCount "71"]
[EventDate "1999.12.11"]
[EventType "swiss"]
[EventRounds "6"]
[EventCountry "ITA"]
[SourceTitle "EXT 2024"]
[Source "ChessBase"]
[SourceDate "2023.10.10"]
[SourceVersion "1"]
[SourceVersionDate "2023.10.10"]
[SourceQuality "1"]

1. e4 c5 2. Nf3 Nc6 3. c3 d6 4. Be2 Nf6 5. d3 a6 6. 0-0 g6 7. Nfd2 e5 8. f4 exf4 9. Rxf4 Bg7 10. Rf1 b5 11. Nf3 0-0 12. Bf4 Qc7 13. Nbd2 Bb7 14. Rc1 Rad8 15. h3 Nh5 16. Bh2 Bh6 17. Nh4 Ng7 18. Rc2 Ne6 19. g4 Qe7 20. Ng2 Ne5 21. Nf3 Nxf3+ 22. Bxf3 Ng5 23. Nf4 Nxf3+ 24. Qxf3 Bxf4 25. Bxf4 c4 26. Re2 cxd3 27. Qxd3 g5 28. Bg3 Qe6 29. Rf5 f6 30. Qd4 d5 31. e5 h6 32. h4 Rf7 33. hxg5 fxg5 34. Rxf7 Qxf7 35. e6 Qf3 36. Re3 1-0

[Event "Padova op-B 2nd"]
[Site "Padova"]
[Date "1999.12.11"]
[Round "1.33"]
[White "Pietrobon, Gabriele"]
[Black "Popovic, Dragan"]
[Result "1-0"]
[WhiteElo "1485"]
[BlackElo "1665"]
[PlyCount "93"]
[EventDate "1999.12.11"]
[EventType "swiss"]
[EventRounds "6"]
[EventCountry "ITA"]
[SourceTitle "EXT 2024"]
[Source "ChessBase"]
[SourceDate "2023.10.10"]
[SourceVersion "1"]
[SourceVersionDate "2023.10.10"]
[SourceQuality "1"]

1. e4 e5 2. Nf3 Nc6 3. Bc4 Nd4 4. Nxd4 exd4 5. d3 d6 6. Nd2 Be6 7. Bxe6 fxe6 8. Qh5+ g6 9. Qb5+ Kf7 10. Nf3 h6 11. Nxd4 Bg7 12. Be3 Rb8 13. 0-0-0 c5 14. Ne2 a6 15. Qb3 b5 16. c3 Ne7 17. f4 a5 18. f5 gxf5 19. exf5 Nxf5 20. Rhf1 Ke7 21. Nf4 Qd7 22. Rde1 a4 23. Qxe6+ Qxe6 24. Nxe6 Kxe6 25. Bxc5+ Kf6 26. Bxd6 Kg6 27. Bxb8 Rxb8 28. g4 Nh4 29. Re6+ Kg5 30. Rf7 Bh8 31. h3 b4 32. d4 bxc3 33. bxc3 Rc8 34. Kd2 Rb8 35. Kc2 a3 36. d5 Rd8 37. d6 h5 38. d7 hxg4 39. hxg4 Rb8 40. Re8 Rb2+ 41. Kd3 Bf6 42. Rxf6 Kxf6 43. d8Q+ Kg6 44. Qxh4 Kf7 45. Qh5+ Kg7 46. Re6 Kf8 47. Qf5+ 1-0

[Event "IECG C1.1999.0.00237"]
[Site "IECG email"]
[Date "1999.10.07"]
[Round "?"]
[White "Leiros Vila, Avelino"]
[Black "Popovic, Dragan"]
[Result "0-1"]
[WhiteElo "2175"]
[BlackElo "2050"]
[PlyCount "80"]
[EventDate "1999.10.07"]
[EventType "tourn (corr)"]
[EventRounds "6"]
[SourceTitle "Corr 2008"]
[Source "ChessBase"]
[SourceDate "2008.06.24"]
[SourceVersion "1"]
[SourceVersionDate "2008.06.24"]
[SourceQuality "1"]

1. e4 c5 2. Nf3 d6 3. d4 cxd4 4. Nxd4 Nf6 5. f3 e5 6. Bb5+ Nbd7 7. Nf5 d5 8. exd5 a6 9. Bxd7+ Qxd7 10. Ne3 b5 11. c4 Bc5 12. Nc3 0-0 13. Ne4 Nxe4 14. fxe4 f5 15. Nxf5 Qd8 16. Qg4 Bxf5 17. exf5 bxc4 18. Qxc4 Bd4 19. d6+ Kh8 20. Qd5 Rb8 21. h4 Qc8 22. d7 Qc2 23. f6 Qf2+ 24. Kd1 Qxf6 25. a4 Qf5 26. Ra3 Qg4+ 27. Rf3 Rfd8 28. Rhf1 h6 29. Kc2 Kh7 30. Kb1 Rxd7 31. Qc6 Bxb2 32. Qc2+ e4 33. Bxb2 Rdb7 34. R3f2 Rxb2+ 35. Qxb2 Rxb2+ 36. Rxb2 Qxh4 37. Re2 Kg6 38. Kc2 Qg3 39. Rfe1 Qd3+ 40. Kc1 Kf5 0-1

[Event "IECG C1.1999.0.00238"]
[Site "IECG email"]
[Date "1999.10.07"]
[Round "?"]
[White "Popovic, Dragan"]
[Black "Alava Moreno, Fausto"]
[Result "1/2-1/2"]
[WhiteElo "2050"]
[BlackElo "1960"]
[PlyCount "35"]
[EventDate "1999.10.07"]
[EventType "tourn (corr)"]
[EventRounds "6"]
[SourceTitle "Corr 2008"]
[Source "ChessBase"]
[SourceDate "2008.06.24"]
[SourceVersion "1"]
[SourceVersionDate "2008.06.24"]
[SourceQuality "1"]

1. e4 e5 2. Nf3 Nc6 3. Bb5 a6 4. Ba4 d6 5. Bxc6+ bxc6 6. d4 f6 7. Nc3 Ne7 8. Be3 Ng6 9. Qe2 Be7 10. 0-0-0 Bd7 11. h4 h5 12. Qc4 a5 13. dxe5 Nxe5 14. Nxe5 fxe5 15. f4 exf4 16. Bxf4 Qb8 17. a3 Qb7 18. Rdf1 1/2-1/2

[Event "IECG C1.1999.0.00237"]
[Site "IECG email"]
[Date "1999.10.07"]
[Round "?"]
[White "Popovic, Dragan"]
[Black "Bunyan, Henry"]
[Result "1/2-1/2"]
[WhiteElo "2050"]
[BlackElo "1557"]
[PlyCount "65"]
[EventDate "1999.10.07"]
[EventType "tourn (corr)"]
[EventRounds "6"]
[SourceTitle "Corr 2008"]
[Source "ChessBase"]
[SourceDate "2008.06.24"]
[SourceVersion "1"]
[SourceVersionDate "2008.06.24"]
[SourceQuality "1"]

1. e4 d5 2. exd5 Qxd5 3. Nc3 Qa5 4. d4 c6 5. Nf3 Nf6 6. Bc4 Bf5 7. Bd2 e6 8. Qe2 Bb4 9. Ne5 Nbd7 10. Nxd7 Nxd7 11. a3 0-0 12. 0-0 Bxc3 13. Bxc3 Qc7 14. a4 Nf6 15. Bb3 Rfd8 16. Rad1 a5 17. g3 b5 18. Qe5 Qb6 19. f3 Nd5 20. g4 Bg6 21. h4 f6 22. Qe2 bxa4 23. Bxa4 c5 24. Qf2 Nxc3 25. bxc3 Qd6 26. Kg2 cxd4 27. cxd4 Rab8 28. Rfe1 Rb4 29. Bb3 Bf7 30. Qe2 Re8 31. Bc4 Qc6 32. Bb3 Qc7 33. Qa6 1/2-1/2

[Event "IECG C1.1999.0.00237"]
[Site "IECG email"]
[Date "1999.10.07"]
[Round "?"]
[White "Popovic, Dragan"]
[Black "Tremayne, David L"]
[Result "1-0"]
[WhiteElo "2050"]
[BlackElo "2093"]
[PlyCount "67"]
[EventDate "1999.10.07"]
[EventType "tourn (corr)"]
[EventRounds "6"]
[SourceTitle "Corr 2008"]
[Source "ChessBase"]
[SourceDate "2008.06.24"]
[SourceVersion "1"]
[SourceVersionDate "2008.06.24"]
[SourceQuality "1"]

1. e4 e6 2. d4 d5 3. e5 c5 4. c3 Nc6 5. Nf3 Bd7 6. a3 Rc8 7. b4 cxd4 8. cxd4 Qb6 9. Bb2 Nh6 10. Be2 Be7 11. 0-0 Nf5 12. Kh1 a5 13. b5 Na7 14. Nc3 0-0 15. Na4 Qd8 16. Qb3 b6 17. Bd3 Nh4 18. Nxh4 Bxh4 19. Nc3 f6 20. f4 fxe5 21. dxe5 Kh8 22. Ne2 g6 23. Nd4 Be7 24. f5 gxf5 25. Nxf5 exf5 26. e6+ d4 27. Rf4 Bxe6 28. Qxe6 Bc5 29. Raf1 Rf6 30. Qe1 Rc7 31. Rxf5 Rxf5 32. Rxf5 Re7 33. Qh4 Rd7 34. Qe4 1-0